Memory of water : a novel /

"The award-winning speculative debut novel, now in English for the first time! In the far north of the Scandinavian Union, now occupied by the power state of New Qian, seventeen-year-old Noria Kaitio studies to become a tea master like her father. It is a position that holds great responsibilit...

Full description

Bibliographic Details
Main Author: Itäranta, Emmi, 1976-
Format: Book
Language:English
Published: New York : Harper Voyager, [2014]
Edition:First edition.
Subjects:
Online Access:Cover image

MARC

Tag First Indicator Second Indicator Subfields
LEADER 00000cam a22000008i 4500
001 in00003485988
005 20151206123319.0
008 140612s2014 nyu 000 1 eng
010 |a  2014023078 
016 7 |a 016642188  |2 Uk 
019 |a 858355081 
020 |a 9780062326157 (paperback) 
020 |a 0062326155 (paperback) 
029 1 |a UNITY  |b 133985253 
029 1 |a AU@  |b 000053138179 
035 |a (OCoLC)ocn857966945 
035 |a (OCoLC)857966945 
040 |a DLC  |b eng  |e rda  |c DLC  |d YDXCP  |d BTCTA  |d BDX  |d UKMGB  |d WIM  |d FOLLT  |d TZI  |d OCLCO  |d LE#  |d DPL  |d INR  |d UtOrBLW 
041 1 |a eng  |h fin 
042 |a pcc 
049 |a TXAM 
050 0 0 |a PH356.I78  |b T4413 2014 
082 0 0 |a 894/.54134  |2 23 
084 |a FIC019000  |a FIC009000  |2 bisacsh 
100 1 |a Itäranta, Emmi,  |d 1976- 
240 1 0 |a Teemestarin kirja.  |l English 
245 1 0 |a Memory of water :  |b a novel /  |c Emmi Itäranta. 
250 |a First edition. 
263 |a 1406 
264 1 |a New York :  |b Harper Voyager,  |c [2014] 
300 |a 266 pages ;  |c 20 cm 
336 |a text  |b txt  |2 rdacontent 
337 |a unmediated  |b n  |2 rdamedia 
338 |a volume  |b nc  |2 rdacarrier 
520 |a "The award-winning speculative debut novel, now in English for the first time! In the far north of the Scandinavian Union, now occupied by the power state of New Qian, seventeen-year-old Noria Kaitio studies to become a tea master like her father. It is a position that holds great responsibility and a dangerous secret. Tea masters alone know the location of hidden water sources, including the natural spring that once provided water for her whole village. When Noria's father dies, the secret of the spring reaches the new military commander. and the power of the army is vast indeed. But the precious water reserve is not the only forbidden knowledge Noria possesses, and resistance is a fine line. Threatened with imprisonment, and with her life at stake, Noria must make an excruciating, dangerous choice between knowledge and freedom"--  |c Provided by publisher. 
520 |a "An amazing, award-winning dystopian debut novel by a major new talent"--  |c Provided by publisher. 
650 0 |a Water-supply  |v Fiction. 
650 0 |a Secrecy  |v Fiction. 
650 7 |a FICTION / Literary.  |2 bisacsh 
650 7 |a FICTION / Fantasy / General.  |2 bisacsh 
655 0 |a Speculative fiction. 
655 7 |a Dystopias.  |2 gsafd 
856 4 2 |3 Cover image  |u static.harpercollins.com/harperimages/isbn/large/7/9780062326157.jpg  |t 0 
938 |a YBP Library Services  |b YANK  |n 11242237 
938 |a Baker and Taylor  |b BTCP  |n BK0013927438 
938 |a Brodart  |b BROD  |n 108358224 
947 |a A14840350191 
945 |a PromptCat  |b 929822 
946 |a stk 
948 |a Cataloged  |b h  |c 2014/10/17  |d c  |e LDuncan 
994 |a 92  |b TXA 
999 |a MARS 
999 f f |s ae829768-f22f-37ea-8103-a1a305189959  |i 37265558-d995-3f3b-a883-c22e33ddc2d9  |t 0 
952 f f |p normal  |a Texas A&M University  |b College Station  |c Sterling C. Evans Library  |d Evans: Library Stacks  |t 0  |e PH356.I78 T4413 2014  |h Library of Congress classification  |i unmediated -- volume  |m A14851203506 
998 f f |a PH356.I78 T4413 2014  |t 0  |l Evans: Library Stacks